| 000 | 01587nam a22003257a 4500 | ||
|---|---|---|---|
| 001 | 1694 | ||
| 003 | FISKH | ||
| 005 | 20230920131933.0 | ||
| 008 | 230915b cb ||||| |||| 00| 0 khrd | ||
| 020 | _a9789924341239 | ||
| 040 |
_aFISKH _beng _cFISKH _dFISKH |
||
| 082 | _a591.1 | ||
| 100 | _aTanaka, Etsuro | ||
| 245 |
_aសរីរវិទ្យា / _cETSURO TANAKA, KEIKO, KOYAMA, BECOME CO., LTD - បកប្រែពីភាសាអង់គ្លេសដោយ ប៊ុត សុផល, ឡាច រតនា, និង អ៊ូច សូដានី |
||
| 260 |
_aPhnom Penh : _bSipar, _c2016. |
||
| 300 |
_a226 pages : _bcolor illustrations ; _c24 cm |
||
| 490 | _aមគ្គទេ្ទសក៍ឆាករូបភាព | ||
| 505 | _aZ' | ||
| 520 | _aជាមួយនឹងសៀវភៅកំប្លែងនេះ អ្នកនឹងរៀនពីរបៀបដែលរាងកាយរបស់មនុស្សធ្វើការ។ | ||
| 520 | _aThe ways the human body works are illustrated with comics and adolescent characters. | ||
| 521 | 8 |
_a920
_bLexile estimate |
|
| 521 | 8 |
_aZ'
_bRaz-Plus |
|
| 650 |
_aសរីរវិទ្យា _vមុខងារ _xផ្នែកនៃរាងកាយ _yរបៀបនៃការធ្វើការ |
||
| 650 |
_aPhysiology _vFunction _x Body part _yhow it work |
||
| 700 |
_aKoyama, Keiko _eAuthor |
||
| 700 |
_aSopal, Both _eTranslator |
||
| 700 |
_aRatana, Larch _eTranslator |
||
| 700 |
_aSodany, Ouch _eTranslator |
||
| 942 |
_2ddc _cKHB _n0 |
||
| 999 |
_c1694 _d1694 |
||